|
|
|
|
| LEADER |
00872nab a2200241 i 4500 |
| 001 |
publ7274 |
| 005 |
20190730132849.0 |
| 008 |
160726s2014 hu o 0|| zxx d |
| 022 |
|
|
|a 1932-6203
|
| 024 |
7 |
|
|a 10.1371/journal.pone.0109010
|2 doi
|
| 024 |
7 |
|
|a 2781175
|2 mtmt
|
| 040 |
|
|
|a SZTE Publicatio Repozitórium
|b hun
|
| 041 |
|
|
|a zxx
|
| 100 |
1 |
|
|a Csábi Eszter
|
| 245 |
1 |
4 |
|a The consolidation of implicit sequence memory in Obstructive Sleep Apnea
|h [elektronikus dokumentum] /
|c Csábi Eszter
|
| 260 |
|
|
|a Public Library of Science
|c 2014
|
| 300 |
|
|
|a Terjedelem: 6 p.-Azonosító: e109010
|
| 490 |
0 |
|
|a PLoS ONE
|v 9 No. 10
|
| 700 |
0 |
2 |
|a Várszegi-Schultz Mária
|e aut
|
| 700 |
0 |
2 |
|a Janacsek Karolina
|e aut
|
| 700 |
0 |
2 |
|a Malecek Nick
|e aut
|
| 700 |
0 |
2 |
|a Németh Dezső
|e aut
|
| 856 |
4 |
0 |
|u http://publicatio.bibl.u-szeged.hu/7274/1/journal.pone_csabi_2014.pdf
|z Dokumentum-elérés
|